| 000 | 00918cac a22002651u 4500 | ||
|---|---|---|---|
| 008 | 090105t1989 xxu||||| |||| 00| 0 eng d | ||
| 010 | _a91158867 | ||
| 020 | _a0875481329 (cloth) | ||
| 020 | _a0812691024 (paper) | ||
| 082 | 0 | 0 |
_a191 _bSCH |
| 245 | 0 | 4 |
_aThe Philosophy of John Dewey / _cedited by Paul Arthur Schilpp and Lewis Edwin Hahn. |
| 250 | _a3rd ed. | ||
| 260 |
_aLa Salle, Ill. : _bOpen Court, _cc.1989. |
||
| 260 | _bDistributer: Al-Ahram. | ||
| 300 |
_axv, 748 p. : _bill. ; _c24 cm. |
||
| 440 | 4 |
_aThe Library of living philosophers ; _vv. 1 _923492 |
|
| 500 | _aIncludes index. | ||
| 500 | _aDistributer: Al-Ahram. | ||
| 504 | _a"Bibliography of the writings of John Dewey (1882-1929)"--P. [609]-671. | ||
| 511 | _aCatalogued By: Mahitab. | ||
| 650 | 0 |
_aPhilosophy. _923493 |
|
| 700 | 1 |
_aDewey, John, _d1859-1952. _923494 |
|
| 700 | 1 |
_aHahn, Lewis Edwin, _d1908- _923495 |
|
| 942 |
_cBB _k191SCH _2ddc |
||
| 999 |
_c6148 _d6148 |
||